01017nam a2200265 i 4500001000700000003000900007005001700016008004100033080003400074080003400108080003000142100003200172245013700204260005300341300005600394600004800450600003900498600003500537650004700572655004000619700002400659700002000683710002500703852002300728179877ES-MaACL20251123063310.0120216s1998 sp aco |||| |dspa d a75Delgado, Guillermo(083.824) a75Quetglas, Matías(083.824) a75Saura, Antonio(083.824)1 aDelgado, Guillermo, d1930-13aLa figura humana b: pinturas : desde el 4 de febrero al 7 de marzo de 1998 / cGuillermo Delgado, Matías Quetglas, Antonio Saura. aMadrid : bGalería de Arte Juan Gris, c[1998] a[24] p. : bprincipalmente il. col. ; c20 x 20 cm.17aDelgado, Guillermo, d1930-vExposiciones214aQuetglas, Matías-vExposiciones.14aSaura, Antonio-vExposiciones. 4aCuerpo humano-xEn el arte-vExposiciones. 72tgfbneaCatálogos de exposiciones1 aQuetglas, Matías.1 aSaura, Antonio.2 aGalería Juan Gris. aES-MaACLj2292-F-1